[Event "ROM-ch U18 Girls"]
[Site "Sovata"]
[Date "2001.??.??"]
[Round "2"]
[White "Calotescu, Ana Cristina"]
[Black "Chelaru, Iulia"]
[Result "1-0"]
[WhiteElo "2205"]
[BlackElo "2055"]
[PlyCount "115"]
[EventDate "2001.03.31"]
[EventType "tourn"]
[EventRounds "11"]
[EventCountry "ROU"]
[SourceTitle "EXT 2008"]
[Source "ChessBase"]
[SourceDate "2007.11.25"]
[SourceVersion "1"]
[SourceVersionDate "2007.11.25"]
[SourceQuality "1"]

1. Nf3 d5 2. d4 e6 3. g3 g6 4. Bg2 Bg7 5. 0-0 Ne7 6. Nbd2 0-0 7. e4 Nbc6 8. e5 f6 9. exf6 Bxf6 10. c3 e5 11. dxe5 Nxe5 12. Nxe5 Bxe5 13. Nf3 Bg7 14. Bg5 Bf6 15. Re1 c6 16. Bxf6 Rxf6 17. c4 Bf5 18. cxd5 Nxd5 19. Qd4 Qb6 20. Qh4 Qb4 21. Nd4 Qf8 22. Re5 Rc8 23. Rae1 Rd8 24. Nxf5 gxf5 25. Bxd5+ cxd5 26. Re7 Qh6 27. Qd4 Rf7 28. Re8+ Rf8 29. R8e5 Qc6 30. b3 b6 31. Rd1 Rf7 32. Rxd5 Rxd5 33. Qxd5 Qxd5 34. Rxd5 Kf8 35. Kg2 Ke7 36. Kf3 Ke6 37. Rd2 Rg7 38. h3 Rf7 39. Kf4 Rc7 40. Re2+ Kf6 41. Re5 Rc2 42. Rxf5+ Kg6 43. f3 Rxa2 44. Rd5 Ra3 45. Rd6+ Kg7 46. Rd7+ Kg6 47. g4 Rxb3 48. Rxa7 h5 49. Rc7 hxg4 50. Rc6+ Kg7 51. hxg4 b5 52. g5 b4 53. Rb6 Rb1 54. Kf5 b3 55. Rb7+ Kg8 56. Kg6 Kf8 57. f4 b2 58. f5 1-0

[Event "ROM-ch U18 Girls"]
[Site "Sovata"]
[Date "2001.??.??"]
[Round "1"]
[White "Chelaru, Iulia"]
[Black "Miron, Oana"]
[Result "1-0"]
[WhiteElo "2055"]
[BlackElo "2125"]
[PlyCount "81"]
[EventDate "2001.03.31"]
[EventType "tourn"]
[EventRounds "11"]
[EventCountry "ROU"]
[SourceTitle "EXT 2008"]
[Source "ChessBase"]
[SourceDate "2007.11.25"]
[SourceVersion "1"]
[SourceVersionDate "2007.11.25"]
[SourceQuality "1"]

1. e4 e6 2. d3 d5 3. Nd2 Nf6 4. g3 b6 5. Bg2 Bb7 6. Ne2 c5 7. 0-0 Be7 8. h3 0-0 9. f4 b5 10. b3 Nc6 11. Bb2 a5 12. a4 b4 13. f5 exf5 14. exf5 Qb6 15. Kh1 Rad8 16. Nf4 d4 17. Ne4 Ne5 18. Qe2 Nxe4 19. Bxe4 Rfe8 20. Bxb7 Qxb7+ 21. Qg2 Qxg2+ 22. Kxg2 Bg5 23. Rae1 Nd7 24. Bc1 Bh6 25. g4 Nf6 26. Kf3 Bxf4 27. Bxf4 Nd5 28. Bd2 h6 29. Rxe8+ Rxe8 30. Rf2 Kf8 31. Re2 Rxe2 32. Kxe2 Ke7 33. Kf3 Kd6 34. Bf4+ Nxf4 35. Kxf4 f6 36. Kf3 Ke5 37. Kg3 Kd6 38. Kh4 Ke7 39. Kh5 Kf7 40. h4 g5 41. hxg5 1-0

[Event "ROM-ch U18 Girls"]
[Site "Sovata"]
[Date "2001.??.??"]
[Round "4"]
[White "Moldovan, Corina"]
[Black "Chelaru, Iulia"]
[Result "1-0"]
[WhiteElo "2226"]
[BlackElo "2055"]
[PlyCount "57"]
[EventDate "2001.03.31"]
[EventType "tourn"]
[EventRounds "11"]
[EventCountry "ROU"]
[SourceTitle "EXT 2008"]
[Source "ChessBase"]
[SourceDate "2007.11.25"]
[SourceVersion "1"]
[SourceVersionDate "2007.11.25"]
[SourceQuality "1"]

1. d4 Nf6 2. c4 e6 3. Nc3 d5 4. Bg5 Be7 5. e3 b6 6. cxd5 exd5 7. Bd3 Bb7 8. Nf3 Nbd7 9. 0-0 0-0 10. Rc1 h6 11. Bh4 Ne4 12. Bxe7 Qxe7 13. Qc2 f5 14. Nd2 c6 15. Rfe1 Qh4 16. Nf3 Qf6 17. b4 g5 18. Nd2 g4 19. Ne2 Rac8 20. Nf4 c5 21. Bxe4 fxe4 22. bxc5 bxc5 23. Nxe4 dxe4 24. Qb3+ Rf7 25. Qxb7 Nb6 26. Qxe4 cxd4 27. Rxc8+ Nxc8 28. Nd3 h5 29. Qe8+ 1-0

[Event "Radulescu Memorial"]
[Site "Calimanesti"]
[Date "2000.??.??"]
[Round "?"]
[White "Achim, Constantin"]
[Black "Chelaru, Iulia"]
[Result "1-0"]
[WhiteElo "2053"]
[BlackElo "2025"]
[PlyCount "96"]
[EventDate "2000.??.??"]
[EventType "swiss"]
[EventRounds "9"]
[EventCountry "ROU"]
[SourceTitle "EXT 2001"]
[Source "ChessBase"]
[SourceDate "2000.11.22"]
[SourceVersion "1"]
[SourceVersionDate "2000.11.22"]
[SourceQuality "1"]

1. d4 d5 2. Nc3 c5 3. Nf3 e6 4. e4 dxe4 5. Nxe4 Be7 6. Bb5+ Bd7 7. Bxd7+ Nxd7 8. Bf4 Ndf6 9. Nc3 Nd5 10. Nxd5 Qxd5 11. c3 Nf6 12. Qa4+ Qd7 13. Qxd7+ Nxd7 14. 0-0 0-0 15. Rfd1 Nb6 16. dxc5 Bxc5 17. Bd6 Bxd6 18. Rxd6 Rfc8 19. Rd4 f6 20. Rad1 e5 21. Rd6 Nc4 22. Rd7 Nxb2 23. Rb1 Rxc3 24. h3 Rd3 25. Rxb7 Rd1+ 26. Rxd1 Nxd1 27. h4 Nc3 28. a3 Ne4 29. h5 Rd8 30. Kf1 Ra8 31. Nh4 Nd6 32. Rd7 Ne8 33. Nf5 a5 34. Rb7 Kf8 35. a4 h6 36. Ne7 Nd6 37. Rc7 Ne8 38. Rd7 e4 39. Nc6 Ra6 40. Ne7 Ra8 41. Ng6+ Kg8 42. Rd4 e3 43. fxe3 Kf7 44. Kf2 Ra6 45. Rd7+ Kg8 46. Kf3 Nd6 47. Kf4 Nc4 48. Ke4 Nb2 1-0

[Event "Radulescu Memorial"]
[Site "Calimanesti"]
[Date "2000.??.??"]
[Round "?"]
[White "Vladila, Alina"]
[Black "Chelaru, Iulia"]
[Result "1-0"]
[WhiteElo "2086"]
[BlackElo "2025"]
[PlyCount "81"]
[EventDate "2000.??.??"]
[EventType "swiss"]
[EventRounds "9"]
[EventCountry "ROU"]
[SourceTitle "EXT 2001"]
[Source "ChessBase"]
[SourceDate "2000.11.22"]
[SourceVersion "1"]
[SourceVersionDate "2000.11.22"]
[SourceQuality "1"]

1. e4 d5 2. exd5 Nf6 3. d4 Nxd5 4. c4 Nb6 5. Nf3 g6 6. Nc3 Bg7 7. h3 Nc6 8. Be3 0-0 9. Be2 Na5 10. c5 Nd5 11. Nxd5 Qxd5 12. Qa4 Nc6 13. 0-0 Qd8 14. Rad1 Bd7 15. Qb3 Qc8 16. Bf4 e6 17. Ne5 Nxe5 18. Bxe5 Bc6 19. Bf3 Bxf3 20. Qxf3 c6 21. h4 h6 22. Qc3 Bxe5 23. dxe5 Rd8 24. Rd6 Rxd6 25. exd6 Qd7 26. Rd1 b6 27. b4 Kh7 28. Qe5 Rf8 29. h5 gxh5 30. Qxh5 Rg8 31. Qf3 f5 32. Qc3 Re8 33. Qe5 Kg8 34. Rd3 Kh7 35. Rg3 Qf7 36. b5 cxb5 37. c6 Rd8 38. d7 Qe7 39. c7 Rxd7 40. c8Q Rd1+ 41. Kh2 1-0

[Event "ROM-ch sf (Women)"]
[Site "Baile Tusnad"]
[Date "1999.??.??"]
[Round "1"]
[White "Calotescu, Ana Cristina"]
[Black "Chelaru, Iulia"]
[Result "1-0"]
[WhiteElo "2176"]
[BlackElo "2059"]
[PlyCount "139"]
[EventDate "1999.09.??"]
[EventType "swiss"]
[EventRounds "9"]
[EventCountry "ROU"]
[SourceTitle "EXT 2000"]
[Source "ChessBase"]
[SourceDate "1999.11.16"]
[SourceVersion "1"]
[SourceVersionDate "1999.11.16"]
[SourceQuality "1"]

1. Nf3 c5 2. g3 g6 3. Bg2 Bg7 4. 0-0 Nf6 5. c4 0-0 6. Nc3 Nc6 7. d4 cxd4 8. Nxd4 Rb8 9. b3 Nxd4 10. Qxd4 b6 11. Bb2 Bb7 12. Nd5 Nh5 13. Qd2 Bxb2 14. Qxb2 e6 15. Nc3 Bxg2 16. Kxg2 f5 17. Rad1 f4 18. Ne4 Qc7 19. g4 d5 20. cxd5 exd5 21. Nc3 f3+ 22. exf3 Qf7 23. Kg1 Qxf3 24. Qe2 Qxc3 25. gxh5 Rbe8 26. Qb5 Kh8 27. h6 Qh3 28. Rd3 Qxh6 29. Qxd5 Rf5 30. Qd4+ Qg7 31. Qd7 Ref8 32. Qxg7+ Kxg7 33. f3 R5f7 34. Kg2 h6 35. Rc1 g5 36. h3 Kg6 37. Kg3 Kg7 38. Rc4 Kh7 39. Rc6 h5 40. Re6 Kg7 41. Re5 h4+ 42. Kg4 Kh6 43. Rd6+ Kh7 44. Rxg5 Rxf3 45. Kh5 R3f6 46. Rxf6 Rxf6 47. Kxh4 Rf2 48. a4 Rb2 49. Rg3 a6 50. Kg5 b5 51. axb5 axb5 52. h4 b4 53. Rd3 Rg2+ 54. Kh5 Rg7 55. Rd4 Rb7 56. Kg5 Kg7 57. Rf4 Kh7 58. h5 Kg7 59. h6+ Kh7 60. Rf5 Rb6 61. Rf7+ Kh8 62. Rf6 Rb8 63. Kf5 Rb7 64. Ke5 Rb5+ 65. Kd4 Rh5 66. Kc4 Rh4+ 67. Kc5 Kg8 68. Rb6 Kf8 69. Rb8+ Ke7 70. h7 1-0